Fr. Conceicao Rodrigues College of Engineering

Making music on the BBC computer (Record no. 35656)

MARC details
000 -LEADER
fixed length control field 00285nam a2200133Ia 4500
100 ## - MAIN ENTRY--PERSONAL NAME
Personal name Waugh/Ian
245 ## - TITLE STATEMENT
Title Making music on the BBC computer
260 ## - PUBLICATION, DISTRIBUTION, ETC.
Name of publisher, distributor, etc. Sunshine Books
Place of publication, distribution, etc. London
Date of publication, distribution, etc. 1984
300 ## - PHYSICAL DESCRIPTION
Extent 244
546 ## - LANGUAGE NOTE
Language note ENGLISH
650 ## - SUBJECT ADDED ENTRY--TOPICAL TERM
Topical term or geographic name entry element General
654 ## - SUBJECT ADDED ENTRY--FACETED TOPICAL TERMS
Focus term music
942 ## - ADDED ENTRY ELEMENTS (KOHA)
Koha item type BOOK
Holdings
Withdrawn status Lost status Damaged status Not for loan Collection Home library Current library Date acquired Total Checkouts Full call number Barcode Date last seen Price effective from Koha item type
        CRC Fr. Agnel's C.Rodrigues College of Engineering Fr. Agnel's C.Rodrigues College of Engineering 17/03/2023   2132 17/03/2023 17/03/2023 BOOK